[Event "Dueville op-B 1st"]
[Site "Dueville"]
[Date "2023.06.04"]
[Round "5"]
[White "Pieropan, Giorgio"]
[Black "Crestani, Federico"]
[Result "1/2-1/2"]
[WhiteElo "1747"]
[BlackElo "1520"]
[PlyCount "46"]
[EventDate "2023.06.01"]
[EventType "swiss"]
[EventRounds "5"]
[EventCountry "ITA"]
[SourceTitle "EXT 2024"]
[Source "ChessBase"]
[SourceDate "2023.10.10"]
[SourceVersion "1"]
[SourceVersionDate "2023.10.10"]
[SourceQuality "1"]

1. e4 e6 2. d4 d5 3. e5 c5 4. c3 Qb6 5. a3 Nc6 6. Nf3 cxd4 7. cxd4 Nge7 8. b4 a6 9. Nc3 Nf5 10. Na4 Qa7 11. Bb2 Bd7 12. Nc5 Bxc5 13. bxc5 b6 14. Rc1 bxc5 15. Rxc5 0-0 16. Bd3 Rab8 17. Qc2 Qb6 18. Bxf5 Qxb2 19. Bxh7+ Kh8 20. 0-0 Nxd4 21. Nxd4 Qxd4 22. Rc3 Rbc8 23. Rxc8 Rxc8 1/2-1/2

[Event "Dueville op-B 1st"]
[Site "Dueville"]
[Date "2023.06.03"]
[Round "2"]
[White "Crestani, Federico"]
[Black "Fiscato, Claudio"]
[Result "1-0"]
[WhiteElo "1520"]
[BlackElo "1583"]
[PlyCount "107"]
[EventDate "2023.06.01"]
[EventType "swiss"]
[EventRounds "5"]
[EventCountry "ITA"]
[SourceTitle "EXT 2024"]
[Source "ChessBase"]
[SourceDate "2023.10.10"]
[SourceVersion "1"]
[SourceVersionDate "2023.10.10"]
[SourceQuality "1"]

1. d4 Nf6 2. Nf3 e6 3. Bf4 b6 4. e3 Bb7 5. Bd3 Be7 6. h3 0-0 7. 0-0 d6 8. c3 Nbd7 9. Nbd2 c5 10. Nc4 Ne8 11. Rc1 Ndf6 12. Qe2 b5 13. Ncd2 c4 14. Bb1 d5 15. Ne5 Nd7 16. Qh5 Nef6 17. Qf3 Nxe5 18. dxe5 Nd7 19. Qg4 Kh8 20. Nf3 Nc5 21. Rfd1 h6 22. Qh5 f5 23. exf6 Rxf6 24. Be5 Qe8 25. Qg4 Ne4 26. Bxf6 Bxf6 27. Nd4 Bxd4 28. exd4 Nf6 29. Qe2 Qf7 30. Re1 Bc8 31. Qe5 Bd7 32. Qc7 a5 33. Re3 a4 34. a3 Rf8 35. Rf3 Qe7 36. Qe5 Bc8 37. Re1 Qf7 38. Qe2 Bd7 39. Qc2 Qg8 40. Qg6 Be8 41. Qg3 Bd7 42. Re5 g5 43. Re1 Qg7 44. Qe5 Qf7 45. Qd6 Qg7 46. Qc7 Rc8 47. Qd6 Rf8 48. Ree3 Kg8 49. Re1 Kh8 50. Rfe3 Re8 51. Qg3 Kg8 52. Qe5 Qf7 53. Rf3 Qg7 54. Rxf6 1-0

[Event "Padova op-B 3rd"]
[Site "Padova"]
[Date "2000.12.03"]
[Round "3.21"]
[White "Velluti, Alberto"]
[Black "Crestani, Federico"]
[Result "1-0"]
[WhiteElo "1630"]
[BlackElo "1480"]
[PlyCount "127"]
[EventDate "2000.12.02"]
[EventType "swiss"]
[EventRounds "6"]
[EventCountry "ITA"]
[SourceTitle "EXT 2024"]
[Source "ChessBase"]
[SourceDate "2023.10.10"]
[SourceVersion "1"]
[SourceVersionDate "2023.10.10"]
[SourceQuality "1"]

1. d4 d5 2. c4 e6 3. Nc3 Nf6 4. Bg5 Be7 5. e3 h6 6. Bf4 c6 7. c5 Nbd7 8. Bd3 b5 9. b4 a5 10. a3 a4 11. Nf3 Nh5 12. Be5 Nhf6 13. Rc1 Ba6 14. Qc2 Nxe5 15. Nxe5 Qc7 16. Qe2 Qb7 17. 0-0 0-0 18. Bb1 Nd7 19. Qd3 f5 20. Ng6 Rf7 21. Ne2 Nf8 22. Ne5 Rf6 23. Nf4 Nd7 24. Qe2 Nxe5 25. dxe5 Rf7 26. Nxe6 Qd7 27. Nd4 Qc7 28. e6 Rf6 29. f4 g6 30. Qf2 Raf8 31. Qg3 Kh7 32. Qh4 Bc8 33. Rf3 Bxe6 34. Rh3 h5 35. Rf1 Qd7 36. Nf3 R6f7 37. Qg3 Rg7 38. Ne5 Qe8 39. Qe1 Bf6 40. Nf3 Qc8 41. Nd4 Qd7 42. Qd1 Re8 43. Bd3 Bxd4 44. exd4 Qf7 45. Re1 Bd7 46. Rhe3 Rgg8 47. Re5 Re6 48. R1e3 Rge8 49. Qe1 Rxe5 50. fxe5 Be6 51. Rg3 Qe7 52. Qe3 Rf8 53. Qf4 Rg8 54. Rg5 Rg7 55. h3 Rg8 56. Qh4 Qf7 57. g3 Rg7 58. Be2 Kg8 59. Qf4 Qe7 60. g4 fxg4 61. hxg4 h4 62. Qf6 Qxf6 63. exf6 Rh7 64. Rxg6+ 1-0

[Event "Padova op-B 2nd"]
[Site "Padova"]
[Date "1999.12.12"]
[Round "3.37"]
[White "Crestani, Federico"]
[Black "Marcuzzo, Giorgio"]
[Result "1-0"]
[WhiteElo "1522"]
[BlackElo "1492"]
[PlyCount "115"]
[EventDate "1999.12.11"]
[EventType "swiss"]
[EventRounds "6"]
[EventCountry "ITA"]
[SourceTitle "EXT 2024"]
[Source "ChessBase"]
[SourceDate "2023.10.10"]
[SourceVersion "1"]
[SourceVersionDate "2023.10.10"]
[SourceQuality "1"]

1. d4 Nf6 2. c4 d6 3. Nc3 Nbd7 4. e4 e5 5. d5 c6 6. Be2 h6 7. Be3 Be7 8. h3 Nf8 9. Nf3 g5 10. Qc2 Ng6 11. g3 0-0 12. 0-0-0 Bd7 13. Kb1 Ne8 14. Bd3 Ng7 15. h4 Bg4 16. Be2 f5 17. hxg5 h5 18. Nh4 Nxh4 19. gxh4 f4 20. Bc1 cxd5 21. cxd5 Rc8 22. Bxg4 hxg4 23. Qe2 g3 24. fxg3 Qb6 25. Rd3 fxg3 26. Rxg3 Rf2 27. Qe3 Nh5 28. Qxb6 axb6 29. Rgg1 Bd8 30. Rf1 Rg2 31. Rfg1 Rf2 32. Be3 Rf3 33. Bc1 Kg7 34. Kc2 b5 35. a3 Bb6 36. Rf1 Rfxc3+ 37. bxc3 Ng3 38. Re1 Nxh1 39. Rxh1 Ba5 40. Bd2 b4 41. axb4 Bxb4 42. h5 Ba5 43. Kd3 b5 44. Rb1 Rh8 45. Rh1 Rf8 46. Rh3 Bd8 47. g6 Bf6 48. Rg3 Bh4 49. h6+ Kg8 50. Rh3 Bf6 51. Rg3 Bh4 52. Rg4 Bf6 53. Rg2 Rc8 54. Bg5 Rf8 55. g7 Bxg7 56. hxg7 Rf3+ 57. Ke2 Rxc3 58. Be7 1-0

[Event "Padova op-A 1st"]
[Site "Padova"]
[Date "1998.12.13"]
[Round "2.29"]
[White "Ballarin, Gabriele"]
[Black "Crestani, Federico"]
[Result "1/2-1/2"]
[WhiteElo "1486"]
[BlackElo "1600"]
[PlyCount "54"]
[EventDate "1998.12.12"]
[EventType "swiss"]
[EventRounds "6"]
[EventCountry "ITA"]
[SourceTitle "EXT 2023"]
[Source "ChessBase"]
[SourceDate "2022.10.05"]
[SourceVersion "1"]
[SourceVersionDate "2022.10.05"]
[SourceQuality "1"]

1. e4 e6 2. d4 d5 3. e5 Bd7 4. Bd3 c5 5. Qg4 cxd4 6. Nf3 Nc6 7. 0-0 h6 8. a3 Qb6 9. Re1 0-0-0 10. Nbd2 g5 11. Nb3 f5 12. Qg3 a5 13. h3 Nge7 14. Nbd2 Ng6 15. c4 dxc3 16. bxc3 Bc5 17. Rb1 Qa7 18. Rf1 Nf4 19. Bb5 Nxe5 20. Bxd7+ Rxd7 21. Kh1 Ned3 22. Nd4 Bxd4 23. cxd4 Qxd4 24. Nb3 Qa7 25. Bxf4 Nxf4 26. Qc3+ Kd8 27. Qxh8+ Ke7 1/2-1/2